000 01015nac a22003137a 4500
001 BR5100135
003 BR-BrBNA
005 20240105112858.0
008 230509b bl.|||m| |||| 00| 0 por d
040 _aBR-BrBNA
_bpor
_cBiblioteca Nacional de Agricultura
072 _aM30; M40; F23
090 _aM30 BR5100135
100 1 _aSioli, H.
110 1 _aInstituto Agronomico do Norte, Belem, PA (Brasil)
_95627
245 1 _aAlguns resultados e problemas da limnologia Amazonica [Analise quimica; Geologia; Biologia; Brasil]
260 3 _aBelem, PA (Brasil):
_c1951.
300 _ap. 3-44
490 _aBoletim Tecnico do Instituto Agronomico do Norte (Brazil)
_vno. 24
_x
500 _a19 illus.; Summaries (De, En, Fr); 15 ref.
650 _aLIMNOLOGIA
650 _aBIOLOGIA AQUATICA
650 _aCLASSIFICACAO DO SOLO
650 _aGEOLOGIA
650 _aANALISE QUIMICA
650 _aAGUA
650 _aAMAZONIA
909 _a202312
_bLúcia Elande
_c55
_dLúcia Elande
942 _2AGRIS
_n0
_cMS
999 _c260740
_d260740